R.R. Bowker's American library directory 1998-99

Αποθηκεύτηκε σε:
Λεπτομέρειες βιβλιογραφικής εγγραφής
Μορφή: Βιβλίο
Γλώσσα:English
Δημοσίευση: New Jersey : R.R. Bowker, c1998
Έκδοση:51th ed.
Θέματα:
Ετικέτες: Προσθήκη ετικέτας
Δεν υπάρχουν, Καταχωρήστε ετικέτα πρώτοι!

MARC

LEADER 00000nam a2200000 i 4500
001 1/69282
008 990209s1998 eng d
020 |a 0-8352-4023-1 
020 |a 0-8352-4025-8 
035 |l 10047798 
040 |a GR-MY-UA  |b gre  |e aacr 
041 0 |a eng 
082 0 |a 021.002573 
245 1 0 |a R.R. Bowker's American library directory 1998-99 
250 |a 51th ed. 
260 |a New Jersey :   |b R.R. Bowker,   |c c1998 
300 |a 2 τ.;  |c 29 εκ. 
505 0 |a Volume 1: Libraries in the United StatesVolume 2: Libraries in Canada and Mexico; Library networks, consortia and schools; Organization index; Personnel index 
650 0 0 |a Libraries  |x Directories. 
650 0 0 |a Libraries  |z United States  |x Directories. 
852 |a INST  |b LESVOS  |e 19990209  |h 021.002573 AME  |p 005100018122  |q 005100018122  |t REF  |y 23  |z v.1 
852 |a INST  |b LESVOS  |e 19990224  |h 021.002573 AME  |p 005100018123  |q 005100018123  |t REF  |y 23  |z v.2 
852 |a INST  |b LESVOS  |e 19990209  |h 021.002573 AME  |p 005100018122  |q 005100018122  |t REF  |v v.1:  |y 23  |z v.1 
852 |a INST  |b LESVOS  |e 19990224  |h 021.002573 AME  |p 005100018123  |q 005100018123  |t REF  |v v.2:  |y 23  |z v.2 
853 |a INST  |b LESVOS  |h 021.002573 AME 
901 |a BIBL-1999-1 
909 |a Λ  |b 062344 
909 |a Λ  |b 062345 
922 |a 1ΕΛΗ  |b 199812  |c ΚΠΣ/ΚΥΒ  |d LEADER 
950 |a 023-1998-09-14